| 000 | 00723nam a2200205 a 4500 | ||
|---|---|---|---|
| 001 | BRCA_880 | ||
| 005 | 20190320203205.0 | ||
| 008 | 970412s1994 gt-a---##b---#000-0#spa-d | ||
| 020 | _a8460514447 | ||
| 040 |
_aLRU _cLRU _dDLC |
||
| 050 | 4 |
_aNK7118 _b.E88 1994 |
|
| 100 | 1 |
_aEsteras Martín, Cristina _92931 |
|
| 245 | 1 | 0 |
_aLa platería en el reino de Guatemala _bsiglos XVI-XIX _cCristina Esteras Martín. |
| 260 |
_aGuatemala _bFundación Albergue Hermano Pedro _c1994 |
||
| 300 |
_a347 p. _bil. (algunas a color) _c31 cm. |
||
| 504 | _aBibliografía: p. 345-347 | ||
| 650 | 1 | 4 |
_aPlata colonial de la iglesia _xTemas, motivos _zGuatemala _92932 |
| 650 | 1 | 4 |
_aPlatería religiosa _xTemas, motivos _zGuatemala _92933 |
| 942 |
_2lcc _cB |
||
| 999 |
_c775 _d775 |
||